Countries in Swedish - Statistics

General Stats
  • This quiz has been taken 46 times
  • The average score is 19 of 20
Answer Stats
Swedish English % Correct
Frankrike France
100%
Grekland Greece
100%
Litauen Lithuania
100%
Norge Norway
100%
Sverige Sweden
100%
Schweiz Switzerland
100%
Storbritannien United Kingdom
100%
Lettland Latvia
98%
Ryssland Russia
98%
Sydafrika South Africa
98%
Österrike Austria
95%
Kina China
95%
Förenade Arabemiraten United Arab Emirates
95%
Estland Estonia
93%
Förenta Staterna United States
93%
Ungern Hungary
88%
Tjeckien Czechia
85%
Tyskland Germany
80%
Elfenbenskusten Ivory Coast
75%
Vitryssland Belarus
65%
No matching quizzes found
Score Distribution
Percent of People with Each Score
Percentile by Number Answered
Your Score History
You have not taken this quiz